عابد علی خان : (Record no. 106796)

MARC details
000 -LEADER
fixed length control field 00890nam a22002537a 4500
005 - DATE AND TIME OF LATEST TRANSACTION
control field 20170123162317.0
010 ## - LIBRARY OF CONGRESS CONTROL NUMBER
LC control number A-688139
020 ## - INTERNATIONAL STANDARD BOOK NUMBER
Terms of availability 6.00
035 ## - SYSTEM CONTROL NUMBER
System control number A-688139
037 ## - SOURCE OF ACQUISITION
Source of stock number/acquisition Cen Lib/Ret
040 ## - CATALOGING SOURCE
Original cataloging agency DPL
Language of cataloging UR
082 ## - DEWEY DECIMAL CLASSIFICATION NUMBER
Classification number 840.8
Item number ع ا ب
245 ## - TITLE STATEMENT
Title عابد علی خان :
Statement of responsibility, etc مرتب مجتبی حسیں
Remainder of title شاکسیت اور ادبی خدمات /
246 ## - VARYING FORM OF TITLE
Title proper/short title Abid Ali Khan : shksiyat aur adabi khidmat /
Remainder of title edited by Mujtabi Husain
260 ## - PUBLICATION, DISTRIBUTION, ETC. (IMPRINT)
Place of publication, distribution, etc نیی دہلی
Name of publisher, distributor, etc ماہنامہ کتاب نما
270 ## - ADDRESS
Address جامہ نگر
City نیی دہلی
Postal code 110025
300 ## - PHYSICAL DESCRIPTION
Extent 79p.
Dimensions 21cm(Hb)
650 ## - SUBJECT ADDED ENTRY--TOPICAL TERM
Topical term or geographic name as entry element ادب - اردو
Form subdivision
9 (RLIN) 115195
650 ## - SUBJECT ADDED ENTRY--TOPICAL TERM
Topical term or geographic name as entry element اردو سونے عمری
9 (RLIN) 108484
650 ## - SUBJECT ADDED ENTRY--TOPICAL TERM
Topical term or geographic name as entry element Literature -- Urdu
9 (RLIN) 115196
650 ## - SUBJECT ADDED ENTRY--TOPICAL TERM
Topical term or geographic name as entry element Urdu biography
9 (RLIN) 511
700 ## - ADDED ENTRY--PERSONAL NAME
Personal name مجتبی حسیں
9 (RLIN) 115197
942 ## - ADDED ENTRY ELEMENTS (KOHA)
Source of classification or shelving scheme Dewey Decimal Classification
Koha item type Urdu Bks
Classification part 840.8
Call number suffix ع ا ب
Holdings
Withdrawn status Lost status Damaged status Not for loan Home library Current library Date acquired Source of acquisition Cost, normal purchase price Total Checkouts Full call number Barcode Date last seen Copy number Cost, replacement price Price effective from Koha item type
        Central Library Central Library 29/12/2015 Cen Lib/Ret 6.00   840.8 ع ا ب A-688139 29/12/2015 1 6.00 29/12/2015 Urdu Bks

© Delhi Public Library
Hit Counter
free hit counter